Estadísticas para Capitales de Europa

Haz click aquí para intentar la prueba.

Estadísticas generales

  • Esta prueba ha sido intentada 10.317 veces
  • La puntuación promedio es 29 de 45

Estadísticas de respuestas

HintRespuesta% Correcto
AlemaniaBerlín
97%
EspañaMadrid
89%
FranciaParís
87%
ItaliaRoma
85%
BélgicaBruselas
84%
AustriaViena
84%
GreciaAtenas
81%
BulgariaSofía
77%
IrlandaDublín
76%
PortugalLisboa
75%
Reino UnidoLondres
75%
AlbaniaTirana
75%
NoruegaOslo
74%
RusíaMoscú
73%
Ciudad del VaticanoCiudad del Vaticano
72%
FinlandiaHelsinki
72%
LuxemburgoLuxemburgo
72%
Países BajosÁmsterdam
70%
HungríaBudapest
70%
MónacoMónaco
69%
BielorrusiaMinsk
68%
CroaciaZagreb
66%
DinamarcaCopenhague
65%
AndorraAndorra la Vella
63%
UcraniaKiev
63%
República ChecaPraga
62%
San MarinoSan Marino
61%
Bosnia y HerzegovinaSarajevo
61%
EstoniaTallin
60%
PoloniaVarsovia
60%
SueciaEstocolmo
59%
RumaníaBucarest
58%
SuizaBerna
54%
LetoniaRiga
53%
EslovaquiaBratislava
52%
MaltaLa Valeta
51%
IslandiaReikiavik
50%
EsloveniaLiubliana
44%
LituaniaVilna
44%
SerbiaBelgrado
41%
LiechtensteinVaduz
40%
MontenegroPodgorica
35%
MoldaviaChisinau
34%
KosovoPristina
34%
MacedoniaSkopie
34%

Distribución de puntuación

Porcentaje por número respondido

Porcentaje de gente con cada puntuación

Historial de tus puntuaciones

No has intentado esta prueba.